000
00201 a2200097 4500
001
47202
100
_a
Thayer, C
245
_a
Guerrilla
260
_a
London
_b
Michael Joseph
_c
090
_c
30257
_d
30257
942
_a
NUST-CAE
_c
M
_c
22511
999
_c
282275
_d
282275